Teorie vyučování výpočetní technice na středních školách s ekonomickým zaměřením
Gespeichert in:
| Format: | Buch |
|---|---|
| Sprache: | Tschechisch |
| Veröffentlicht: |
Praha
Státní pedagogické nakladatelství
1984
|
| Tags: |
Keine Tags, Fügen Sie das erste Tag hinzu!
|
MARC
| LEADER | 00000nam a2200000 4500 | ||
|---|---|---|---|
| 001 | c107116 | ||
| 005 | 20260202110452.3 | ||
| 041 | 0 | |a cze | |
| 044 | |a CZ | ||
| 245 | 1 | 0 | |a Teorie vyučování výpočetní technice na středních školách s ekonomickým zaměřením |c Hana Vomáčková |
| 264 | 1 | |a Praha |b Státní pedagogické nakladatelství |c 1984 | |
| 300 | |a 233 s. | ||